banner-ar

AUTOSKETCH FACILE POUR WINDOWS / (Record no. 22706)

MARC details
000 -الفاتح
حقل البيانات ثابتة الطول 00561nam a2200205Ia 4500
008 - عناصر البيانات ثابتة الطول - معلومات عامة
حقل البيانات ثابتة الطول 140319s9999 xx 000 0 eng d
040 ## - مصدر الفهرسة
وكالة الفهرسة الأصلية GCL /
وكالة النسخ GCL
082 04 - رقم تصنيف ديوى العشرى
رقم التصنيف 005.3
رقم المادة C A
100 1# - المدخل الرئيسى - إسم شخصى
الإسم الشخصى COUWENBERGH, JEAN PIERRE
245 10 - بيان العنوان
العنوان AUTOSKETCH FACILE POUR WINDOWS /
بيان المسئوليه,etc COUWENBERGH, JEAN PIERRE
260 ## - PUBLICATION, DISTRIBUTION, ETC. (IMPRINT)
تاريخ النشر أو التوزيع 1994
300 ## - الوصف المادى
التعداد 252 P
490 ## - بيان السلسلة
عنوان السلسلة MARABOUT
رقم المجلد/ التعيين التسلسلي 0
650 04 - المدخل الاضافى بالموضوع-مصطلح موضوعى
مصطلح موضوعي COMPUTER SOFTWARE
650 04 - المدخل الاضافى بالموضوع-مصطلح موضوعى
مصطلح موضوعي OPERATINGS SYSTEMS COMPUTERS
650 04 - المدخل الاضافى بالموضوع-مصطلح موضوعى
مصطلح موضوعي WINDOWS
650 04 - المدخل الاضافى بالموضوع-مصطلح موضوعى
مصطلح موضوعي COMPUTER PROGRM
942 ## - عناصر المدخل الإضافي( كوها)
مصدر التصنيف او مخطط الترفيف Dewey Decimal Classification
Koha [default] item type كتاب
260 ## - PUBLICATION, DISTRIBUTION, ETC. (IMPRINT)
-- [S.N] :
-- MARABOUT UNIVERSITE ،
Holdings
حالة التراجع حالة الفقد حالة تلف ليس للاعارة المكان المؤقت الموقع الحالى تاريخ الاكتساب اجمالي اﻻعارات رقم الطلب الباركود تاريخ اخر مشاهدة تاريخ تفعيل السعر نوع وعاء كوها
        مكتبة القاهرة الكبرى مكتبة القاهرة الكبرى 03/26/2014   005.3\C A 41016 03/26/2014 03/26/2014 كتاب

Powered By

EGPV